| 000 | 00618nam a2200217 a 4500 | ||
|---|---|---|---|
| 001 | 000047687 | ||
| 003 | DO-SdBNP | ||
| 005 | 20240305130643.0 | ||
| 007 | ta | ||
| 008 | 180719s2008 dr ac 000 0 spa d | ||
| 040 |
_aDO-SdBNP _bspa _cBNPHU |
||
| 082 |
_axxxx _bH673 |
||
| 100 | 1 |
_aPaulino Ramos, Alejandro, _d1951- _9325 |
|
| 245 | 1 | 0 | _aHistoriadores dominicanos |
| 260 |
_aSanto Domingo : _bArchivo General de la Nación, _c2008. |
||
| 300 |
_a34 p. : _bil., retrs. ; _c22 cm. |
||
| 590 | _aInventariado, 2022 / DG | ||
| 600 |
_aHistoriadores _zRepública Dominicana _982975 |
||
| 910 | _aDG | ||
| 942 |
_2ddc _cLF2 |
||
| 999 |
_c53059 _d53059 |
||